| 000 | 01325cad a22002055a 4500 | ||
|---|---|---|---|
| 001 | L155757 | ||
| 008 | 120416s2012 xxk 000 0 eng d | ||
| 035 | _a(Sirsi) u155757 | ||
| 041 | 0 | _aeng | |
| 110 | 2 |
_aCushman & Wakefield _95888 |
|
| 245 | 0 | 0 |
_aShopping centre development report marketbeat Europe _bApril 2012 _h[electronic resource] |
| 260 |
_aLondon _bCushman & Wakefield _c2012 |
||
| 490 | 0 |
_aCushman & Wakefield Shopping Centre Development Report Marketbeat Europe _vApril 2012 |
|
| 520 | _aShopping centre provision increased by nearly 3.6 million sq m in the second half of 2011, bringing the European completion total for the year to 5.9 million sq m - virtually identical to the 2010 figure. Central and Eastern Europe accounted for 65% of new space added. Overview - Market size - Overview of development in 2011 - Key trends across Europe - European shopping centre growth - Shopping centre investment. | ||
| 590 | _aKA | ||
| 651 | 4 | _aEurope | |
| 690 |
_aCommercial property _96227 |
||
| 856 | 4 | 0 |
_uhttps://www.cushwake.com/cwglobal/jsp/kcLocalReportLanding.jsp?Country=GLOBAL&Language=EN&catId=100004 _zView the report after signing up (free) with the Knowledge Center (Click on Local Market Reports, highlight Europe under Region and Retail under Sector, click on search) at www.cushwake.com |
| 942 | _n0 | ||
| 999 |
_c83917 _d83917 |
||